Κατάλογος Βιβλιοθηκών Mediterranean College

Μελέτη Βιωσιμότητας Ακτοπλοϊκής Γραμμής. (Record no. 8640)

MARC details
000 -LEADER
fixed length control field 02082cam a22001934a 4500
005 - ΗΜΕΡΟΜΗΝΙΑ ΚΑΙ ΩΡΑ ΤΕΛΕΥΤΑΙΑΣ ΕΝΗΜΕΡΩΣΗΣ
Πεδίο ελέγχου 20250605164342.0
008 - FIXED-LENGTH DATA ELEMENTS--GENERAL INFORMATION
Πεδίο ελέγχου σταθερού μήκους 250528s ||||||||||||||||||||||||d
035 ## - SYSTEM CONTROL NUMBER
System control number 23643
040 ## - ΠΗΓΗ ΚΑΤΑΛΟΓΟΓΡΑΦΗΣΗΣ
Φορέας πρωτότυπης καταλογογράφησης MC Athens Campus Library
Γλώσσα καταλογογράφησης Ελληνικά, Μοντέρνα (1453-)
Modifying agency MC Athens Campus Library
Κανόνες περιγραφικής καταλογογράφησης AACR2
245 1# - ΤΙΤΛΟΣ ΚΑΙ ΔΗΛΩΣΗ ΥΠΕΥΘΥΝΟΤΗΤΑΣ
Τίτλος Μελέτη Βιωσιμότητας Ακτοπλοϊκής Γραμμής.
260 ## - PUBLICATION, DISTRIBUTION, ETC.
Date of publication, distribution, etc. 2014
300 ## - PHYSICAL DESCRIPTION
Extent 48
520 ## - SUMMARY, ETC.
Summary, etc. Εισαγωγή, Περιγραφή Ακτοπλοϊκού Δικτύου και Εταιριών, Γεωγραφική Περιγραφή Νησου Χίου - Πληροφοριακά Στοιχειά, Γεωγραφική Περιγραφή Νήσου Λέσβου - Πληροφοριακά Στοιχεία, Αναφορά Λιμένων, Λιμάνι Χίου Μυτιλήνης, Ραφήνας, η Ακτοπλοϊα στη Χίο και στη Λέσβο, Ακτοπλοϊκή Κίνηση στα Λιμάνια της Χίου και της Μυτιλήνης, Πλοίο Αναφοράς, Περιορισμοί Λιμένων Χίου και Μυτιλήνης, Καθορισμός Ταχύτητας και Τύπου Πλοίου Αναφοράς, Προσδιορισμός Χαρακτηριστηκών, Κόστη και Δαπάνες του Πλοίου Αναφοράς, Αγορά Μεταχειρισμένου Πλοίου, Λειτουργικό Κόστος Πλοίου Αναφοράς, Κόστη Καυσιμών, Κόστος Μισθοδοσίας, Ασφάλεια, Κόστη Επισκευών, Ασφάλεια, Λιμενικά Κόστη, Αναλώσιμα Πλοίου, Διοικητικές Δαπάνες, Υπολογισμος Λειτουργικου Κοστους, η Αποδοση της Γραμμης Ραφηνα - Χιος - Μυτιληνη, Χρηματοοικονομικη Αναλυση, Τρόποι Χρηματοδότησης, Αστάθμητοι Παράγοντες, Συμπεράσματα.
700 1# - ΠΡΟΣΘΕΤΗ ΑΝΑΓΡΑΦΗ--ΦΥΣΙΚΟ ΠΡΟΣΩΠΟ
Personal name Ρωμά Αλίκη
9 (RLIN) 9238
700 1# - ΠΡΟΣΘΕΤΗ ΑΝΑΓΡΑΦΗ--ΦΥΣΙΚΟ ΠΡΟΣΩΠΟ
Personal name Σερεμέλης Αλέξανδρος
942 ## - ADDED ENTRY ELEMENTS (KOHA)
Koha item type Διπλωματική εργασία
Holdings
Τύπος τεκμηρίου Βιβλιοθήκη Τρέχουσα τοποθεσία Barcode Ημερομηνία απόκτησης Ταξιθετικό σύμβολο Αριθμός αντιτύπου Κατάσταση απόσυρσης Κατάσταση χαμένου Κατάσταση κατεστραμμένου Μη δανεισμός Σύνολο δανεισμών Ημερομηνία τελευταίας εμφάνισης Η τιμή ισχύει από
Διπλωματική εργασία MC Athens Campus Library MC Athens Campus Library 9780000086396 05/06/2025 SHIP 2014 (10) 1           05/06/2025 05/06/2025

MC Athens Campus Library
Πατησίων 94 & Κοδριγκτώνος 13, 104 34
Πελλήνης 8 & Πατησίων 107, 112 51
Τ: +30 210 8899600

MC Thessaloniki Campus Library
Ίωνος Δραγούμη 21, 54625 | Ίωνος Δραγούμη 15, 54625
Τ: +30 2310 287779 – Τ: +30 2314 440300